| 000 -LEADER |
| fixed length control field |
01066pab a2200181 454500 |
| 008 - FIXED-LENGTH DATA ELEMENTS--GENERAL INFORMATION |
| fixed length control field |
180718b2003 xxu||||| |||| 00| 0 eng d |
| 100 ## - MAIN ENTRY--PERSONAL NAME |
| Personal name |
Singh, Sujata |
| 245 ## - TITLE STATEMENT |
| Title |
Managing Rajasthan's scarce water resources: Impact of government schemes |
| 260 ## - PUBLICATION, DISTRIBUTION, ETC. |
| Date of publication, distribution, etc. |
2003 |
| 300 ## - PHYSICAL DESCRIPTION |
| Extent |
p.501-519. |
| 362 ## - DATES OF PUBLICATION AND/OR SEQUENTIAL DESIGNATION |
| Dates of publication and/or sequential designation |
Jul-Sep |
| 520 ## - SUMMARY, ETC. |
| Summary, etc. |
The article highlights the urgency to address the chronic water problems of a water-starved state like Rajasthan. Based on data from a field survey conducted by the author, the article examines the various approaches that have been adopted for tapping and harnessing water resources in Rajashtan. The article emphasises the need to keep politics out of planning and execution of schemes for the management of Rajasthan's scarce water resources. Mistakes made in the past should serve as important lessons in the design of new schemes. - Reproduced. |
| 650 ## - SUBJECT ADDED ENTRY--TOPICAL TERM |
| Topical term or geographic name entry element |
Water resources management - India - Rajasthan |
| 650 ## - SUBJECT ADDED ENTRY--TOPICAL TERM |
| Topical term or geographic name entry element |
Water resources management |
| 773 ## - HOST ITEM ENTRY |
| Main entry heading |
Indian Journal of Public Administration |
| 908 ## - PUT COMMAND PARAMETER (RLIN) |
| Put command parameter |
N |
| 909 ## - |
| -- |
58594 |